LIBRARY & INFORMATION CENTRE, KCAET, TAVANUR

ONLINE PUBLIC ACCESS CATALOGUE (OPAC)

Surveying for civil engineers,Part-l,ll,lll,lV,V / (Record no. 10390)

MARC details
000 -LEADER
fixed length control field 00389cam a2200145ua 4500
003 - CONTROL NUMBER IDENTIFIER
control field OSt
008 - FIXED-LENGTH DATA ELEMENTS--GENERAL INFORMATION
fixed length control field 250502b |||||||| |||| 00| 0 eng d
041 ## - LANGUAGE CODE
Language code of text/sound track or separate title eng
082 ## - DEWEY DECIMAL CLASSIFICATION NUMBER
Classification number 624.1517
Item number KIS/SU
100 ## - MAIN ENTRY--AUTHOR NAME
Personal name Kissam, Philip
245 ## - TITLE STATEMENT
Title Surveying for civil engineers,Part-l,ll,lll,lV,V /
260 ## - PUBLICATION, DISTRIBUTION, ETC. (IMPRINT)
Place of publication New York :
Name of publisher McGraw Hill Book Company ,
Year of publication 1956.
300 ## - PHYSICAL DESCRIPTION
Number of Pages 716 ; .
942 ## - ADDED ENTRY ELEMENTS (KOHA)
Koha item type Books
Holdings
Withdrawn status Lost status Damaged status Home library Current library Date acquired Full call number Accession Number Koha item type
      KAUAET KAUAET 07/04/2012 624.1517 KIS/SU 5942 Books
      KAUAET KAUAET 07/04/2012 624.1517 KIS/SU 5941 Books
free website counter